Základy biochémie

Salvato in:
Dettagli Bibliografici
Autore principale: Kollárová, Marta (Autore)
Natura: Libro
Lingua:slovacco
Pubblicazione: Bratislava : Univerzita Komenského v Bratislave, 1999
Edizione:1. vyd.
Soggetti:
Tags: Aggiungi Tag
Nessun Tag, puoi essere il primo ad aggiungerne!!

MARC

LEADER 00000nam a22000003a 4500
001 stu79042
005 20150617225643.8
008 030214s1999----xo------------------slo-d
020 |a 80-223-1420-X 
040 |a STU  |b slo 
041 0 |a slo 
044 |a xo 
080 |a 577 
100 1 |a Kollárová, Marta  |4 aut 
245 1 |a Základy biochémie 
250 |a 1. vyd. 
260 |a Bratislava :  |b Univerzita Komenského v Bratislave,  |c 1999 
300 |a 94 s 
650 7 |a biochémia  |2 stusub 
996 |b 284M039030  |c M*S-1076-1  |l MMKN  |s A  |a 24  |w stu79042_0001